000 00655nam a2200217Ia 4500
005 20250508150949.0
008 008 250505s9999 xx 000 0 eng d
037 _aTextual
040 _aFEDL
_beng
_cFEDL
041 _aeng
_2eng
084 _a016.5, HEN
_qFEDL
100 _aHenry Edward A Ed.
_9758065
245 0 _aDoctoral dissertations accepted by American University 1942-1943
245 4 _cThe Assocaition of Research Libraries
260 _aNew York, USA
_bThe H. W. Wilson Company
_c1943
300 _axiii,110p.
365 _aINR
_b13
650 _aBibliography
942 _cTEXL
_h016.5, HEN
999 _c1326763
_d1326763